Industrial marketing/ (Record no. 10648)

MARC details
000 -LEADER
fixed length control field 00664 a2200205 4500
010 ## - LIBRARY OF CONGRESS CONTROL NUMBER
LC control number ENG-89449
020 ## - INTERNATIONAL STANDARD BOOK NUMBER
International Standard Book Number 8120333277
Terms of availability 150.00
035 ## - SYSTEM CONTROL NUMBER
System control number EN-72982
037 ## - SOURCE OF ACQUISITION
Source of stock number/acquisition DBAD / PUB
082 14 - DEWEY DECIMAL CLASSIFICATION NUMBER
Classification number 658.848
090 ## - LOCALLY ASSIGNED LC-TYPE CALL NUMBER (OCLC); LOCAL CALL NUMBER (OCLC)
-- 10950
-- 10950
100 1# - MAIN ENTRY--PERSONAL NAME
Personal name Phadtare, Milind T.
245 1# - TITLE STATEMENT
Title Industrial marketing/
Statement of responsibility, etc by Milind T. Phadtare
260 ## - PUBLICATION, DISTRIBUTION, ETC. (IMPRINT)
Place of publication, distribution, etc New Delhi
Name of publisher, distributor, etc Prentice-Hall of India
Date of publication, distribution, etc 2008
270 ## - ADDRESS
Address M-97, Connaught Circus,
City New Delhi
State or province Delhi
Postal code 110001
300 ## - PHYSICAL DESCRIPTION
Extent xv, 175p.
Dimensions 21 cm. (Pbk)
500 ## - GENERAL NOTE
General note Includes index.
942 ## - ADDED ENTRY ELEMENTS (KOHA)
Institution code [OBSOLETE] dpl
Koha item type English Books
Call number prefix 658.848/ PHA
Holdings
Withdrawn status Lost status Source of classification or shelving scheme Damaged status Not for loan Collection code Home library Current library Source of acquisition Cost, normal purchase price Total Checkouts Full call number Barcode Date last seen Copy number Uniform Resource Identifier Cost, replacement price Price effective from Koha item type
    Dewey Decimal Classification   Not For Loan Non-fiction D.B.Act.Division D.B.Act.Division DBAD/PUB 150.00   658.848 PHA EN-72982 15/09/2008 1 11725 150.00 15/09/2008 English Books

© Delhi Public Library
Hit Counter
free hit counter